ロード中...

Agribusiness Management

書誌詳細
第一著者: Gangadhar, Bhatia
フォーマット: Printed Book
言語:Undetermined
English
出版事項: New Delhi Mittal Publications 2007
主題:
LEADER 00666nam a2200205Ia 4500
008 140306s9999 xx 000 0 und d
020 |a 8183242006 
041 |a eng 
082 |a 630.685  |b GAN/AG 
100 |a Gangadhar, Bhatia 
245 |a Agribusiness Management 
260 |a New Delhi  |b Mittal Publications  |c 2007 
300 |a 295 
365 |b Rs.795/- 
650 |a Agribusiness in Developed Market Economies 
650 |a Commodity Marketing 
650 |a Pricing and financing 
942 |2 ddc  |c BK 
999 |c 187326  |d 187326 
952 |0 0  |1 0  |2 ddc  |4 0  |6 630_685000000000000_GAN_AG  |7 0  |9 193415  |a KAUCBV  |b KAUCBV  |d 2010-12-08  |g 795.00  |o 630.685 GAN/AG  |r 2014-03-22  |w 2014-03-22  |y BK